000 00443nam a22001457u 4500
008 130405s1997 xxu||||| |||| 00| 0 spa d
041 _aspa
100 1 _aPrieto Ramiro, Rafael
_929668
245 0 0 _aCáritas Cuaresma y Pascua 1997
_b:El júbilo de cada día
_cRafael Prieto Ramiro
260 _aMadrid:
_bCáritas Española,
_c1997
300 _a325 p.
_c;21 cm.
650 0 4 _aLiturgia
_xNavidad y adviento
_918909
942 _cBK
001 76813
999 _c255943
_d255943